000 00585nam a2200229Ia 4500
003 0100
008 130227s9999 xx 000 0 und d
020 _a0710068476
040 _cARRUPELIB
050 _aBL51.P518
100 _aPhillips, Dewi Zephaniah
245 _aFaith and philosophical enquiry
260 _aLondon
260 _bRoutledge & Kean Paul
260 _C1970
300 _aviii
300 _b 277p 18cm
650 _bIslam and state
650 _cPolitical science - Islamic Empire - History
650 _dPolitical science - Terminology
942 _2lcc
_01
999 _c545
_d545